| 000 | 00498nam a2200181Ia 4500 | ||
|---|---|---|---|
| 005 | 20250508150807.0 | ||
| 008 | 008 250505s9999 xx 000 0 eng d | ||
| 037 | _aTextual | ||
| 040 |
_aFEDL _beng _cFEDL |
||
| 041 |
_aeng _2eng |
||
| 084 |
_a632, DAV _qFEDL |
||
| 100 |
_aWilliamson David Ed. _947194 |
||
| 245 | 0 | _aDaily mail year book | |
| 260 |
_aLondon, UK _bAssociated Newspaper, Limited _c1951 |
||
| 300 | _a287p. | ||
| 942 |
_cTEXL _h632, DAV |
||
| 999 |
_c1325705 _d1325705 |
||